000 01367aam a2200313 i 4500
001 768714001
003 CO-MdFUSB
005 20231031094818.0
007 ta
008 231031txxu ck a|||| |||| 00| 0 spa d
020 _q[No incluye ISBN]
040 _bspa.
_aCO-MdFUSB
_cCO-MdFUSB
_dCO-MdFUSBC
_erda
041 _aspa
082 0 4 _a248.4
_223
_bO852u
100 1 _aOsterbrod, Egil (1954-)
_eautor
245 1 0 _aUnidos en el amor :
_bun libro de recursos para el matrimonio, la vida familiar y la comunidad
_c/ Egil Osterbrod , Ole-Magnus Olafsrud ; traducido por Anne H. de Palacios
264 0 _aBogotá, Colombia :
_bCoextensión,
_c[Fecha de producción no identificada]
300 _a113 páginas
_c; 28 cm
336 _atexto
_btxt
_2rdacontent
337 _2rdamedia
_asin mediación
_bn
338 _2rdacarrier
_avolumen
_bnc
505 _aEl matrimonio: el buen regalo de Dios.-- Personalidades y comunicación. -- La relación entre las generaciones. -- Auto imagen y papeles aprendidos (o adquiridos). -- Conflictos dentro de nosotros y entre nosotros. -- El ambiente de crecimiento de los hijos. -- El hogar en la comunidad y en la iglesia.
563 _aRústico
650 0 _aVida cristiana
_919
700 _98913
_aOlafsrud, Ole-Magnus,
_eautor
700 _98914
_aPalacios, Anne H. de,
_etraductor
942 _cBK
945 _aJTF-925
999 _c35921
_d35921